000 00572nam a22002057a 4500
999 _c6875
_d6875
003 OSt
005 20210413171331.0
008 210413b ||||| |||| 00| 0 eng d
020 _a9780415171854
040 _cDDC
082 _a154.2 THO 1999
100 _aThomson, Anne
_914096
245 _aCritical Reasoning in Ethics: a practical introduction
260 _aLondon ;
_bRoutledge,
_c1999
300 _avii,214p;
_bill:
_c25cm
504 _aappendices, bibliography & index
650 _aEthics
_91778
650 _aCritical reasoning
_914097
942 _2ddc
_cB_BANK